Biblioteca práctica agrícola y ganadera : práctica de los cultivos

Guardado en:
Formato: Libro
Publicado: Barcelona : Océano, 1987
Materias:
Etiquetas: Agregar Etiqueta
Sin Etiquetas, Sea el primero en etiquetar este registro!
LEADER 00815nam a22001815a 4500
001 CEM.cems016650
008 130507s1987##################000#0#####d
005 20231114111010.0
245 0 0 |a Biblioteca práctica agrícola y ganadera :  |b práctica de los cultivos 
260 |a Barcelona :  |b Océano,  |c 1987 
300 |a 222 p. 
505 0 |a Cultivos herbáceos -- Cereales -- Leguminosas para granos -- Plantas tuberosas -- Plantas azucareras -- Tabaco -- Plantas textiles -- Plantas oleaginosas -- Horticultura -- Cultivos tropicales -- Otros cultivos tropicales 
020 |a 8477640005X 
082 0 4 |a 630.3 
653 |a Cultivso herbáceos 
653 |a Cultivos tropicales 
859 |a CEMS  |b BIB. CEMS - Agricultura  |h 630.3  |i Oc2  |p A17073.93  |t Ej.1  |v II  |3 II 
859 |a CEMS  |b BIB. CEMS - Agricultura  |h 630.3  |i Oc2  |p A1556.12  |t Ej.2  |v II  |3 II